| 000 | 00640nam a22001817a 4500 | ||
|---|---|---|---|
| 010 | _a1718CH-EN | ||
| 020 |
_a9781847495730 _c275.00 |
||
| 035 | _aB-673077-3081 | ||
| 037 |
_aDPL _bPragati |
||
| 082 | _aS | ||
| 100 | _aBailey, Peter | ||
| 245 |
_aThe secret garden: _c illustrated by Peter Bailey |
||
| 260 |
_aLondon _bAlma Books _c2016 |
||
| 270 |
_a3 Castle Yard, Richmond, Surrey TW10 6TF _bUnited Kingdom |
||
| 300 |
_a314p. _c19cm(pbk) |
||
| 942 |
_2ddc _cCH _mBAI _hS |
||
| 999 |
_c141497 _d141497 |
||